| 000 | 00406nam a2200145 a 4500 | ||
|---|---|---|---|
| 001 | 3397 | ||
| 003 | CDMR | ||
| 005 | 20130116135244.0 | ||
| 008 | 130130s1978||||||||||||||||||||||||||||d | ||
| 040 |
_aCDMR _bcat _cCPC GIRONA |
||
| 100 | 1 |
_aGrzybowsjki, Georges _92445 |
|
| 245 | 1 | 0 |
_aSaber improvisar unas palabras, un escrito, una acción _cGrzybowsjki, Georges |
| 260 |
_c1978 _bEditorial Mensajero |
||
| 942 | _cMON | ||
| 999 |
_c3397 _d3397 |
||